01327nam a2200337Ia 4500001001200000003000800012006001900020007001500039008004100054010001700095020003000112020001800142040002100160035002100181050002300202082001400225245012000239260005300359300002300412490006300435504005100498533015200549650001700701650004100718655002900759700001900788700002200807710001700829856012600846999001700972ebr10654813CaPaEBRm u cr cn|||||||||111118s2012 nyua sb 001 0 eng d z 2011046280 z9781619424401 (hardcover) z9781619424425 aCaPaEBRcCaPaEBR a(OCoLC)82814066914aJF801b.C52 2012eb04a323.622300aCitizenshiph[electronic resource] :bpractices, types and challenges /cDexter Petty and Clay MacFarland, editors. aHauppauge, NY :bNova Science Publishers,c2012. axi, 157 p. :bill.0 aAmerica in the 21st century: political and economic issues aIncludes bibliographical references and index. aElectronic reproduction.bPalo Alto, Calif. :cebrary,d2013.nAvailable via World Wide Web.nAccess may be limited to ebrary affiliated libraries. 0aCitizenship. 0aCitizenshipvCross-cultural studies. 7aElectronic books.2local1 aPetty, Dexter.1 aMacFarland, Clay.2 aebrary, Inc.40uhttp://site.ebrary.com/lib/rucke/Doc?id=10654813zAn electronic book accessible through the World Wide Web; click to view c76898d76898